000 01296cam a22003737a 4500
003 CHAP
005 20220817043542.0
008 990614d1994 it rn 00110 fre d
010 _a78273
011 _a79245
020 _a925203496X
035 _a89415
040 _cCHAP
082 0 4 _a338.9
_bF44f v.36
110 2 _aFAO
245 1 0 _aAnalyse de filière :
_bapplication à l'analyse d'une filière d'exportation de coton
_c/par L. Bockel, P. Fabre, M. Manssouri
260 _aRome :
_bFAO,
_c1994.
300 _a207 p. :
_bcuadros
490 0 _aFAO. Materiales de capacitación para la planificación agrícola
_v; 36
590 _aBATCH-UPD
_b10
_c20130110
_lUCH01
_h0438
590 _aBATCH-UPD
_b10
_c20130110
_lUCH01
_h2130
590 _aBATCH-UPD
_b10
_c20130410
_lUCH01
_h0114
590 _aBATCH-UPD
_b10
_c20130914
_lUCH01
_h1350
590 _aCONVERSION
_b10
_c20130109
_lUCH01
_h1343
650 1 4 _aAlgodon
_xExportacion.
_94012
700 0 _aBockel, L.
_913335
700 0 _aFabre, P.
_939283
700 0 _aManssouri, M.
_970572
830 0 _aFAO. Materiales de capacitación para la planificación agrícola
_v; 36
_939620
901 _aBK
905 _aLilia Sánchez G.
942 _cLIBRO
949 _a338.9 F44f v.36
_bBC
_cFAO
_d33724000728739
_eFAO1
_h95736
_i89415
_kDonaciØn
_sb
999 _c78273
_d78273